El gran libro de Drupal 7 : (Record no. 179416)

MARC details
000 -LEADER
campo de control de longitud fija 00934nam a2200241 i 4500
001 - NÚMERO DE CONTROL
campo de control 179416
003 - IDENTIFICADOR DE NÚMERO DE CONTROL
campo de control ES-MaACL
005 - FECHA Y HORA DE LA ÚLTIMA TRANSACCIÓN
campo de control 20230919180842.0
008 - DATOS DE LONGITUD FIJA--INFORMACIÓN GENERAL
campo de control de longitud fija 111122s2011 sp ad f |||| | spa d
020 ## - NÚMERO INTERNACIONAL ESTÁNDAR DEL LIBRO
Número Internacional Estándar del Libro 978-84-267-1768-9
080 ## - NÚMERO DE LA CLASIFICACIÓN DECIMAL UNIVERSAL
Número de la Clasificación Decimal Universal 004.738.52 Drupal
100 1# - ENTRADA PRINCIPAL--NOMBRE DE PERSONA
Nombre de persona Gil García, Gregorio.
9 (RLIN) 138102
245 13 - MENCIÓN DEL TÍTULO
Título El gran libro de Drupal 7 :
Resto del título [gestión de contenidos estáticos, dinámicos e interactivos] /
Mención de responsabilidad, etc. Gregorio Gil García.
260 ## - PUBLICACIÓN, DISTRIBUCIÓN, ETC.
Lugar de publicación, distribución, etc. Barcelona :
Nombre del editor, distribuidor, etc. Marcombo,
Fecha de publicación, distribución, etc. [2011]
300 ## - DESCRIPCIÓN FÍSICA
Extensión 220 p. :
Otras características físicas il, gráf. ;
Dimensiones 24 cm.
630 04 - PUNTO DE ACCESO ADICIONAL DE MATERIA--TÍTULO UNIFORME
Título uniforme Drupal (Archivo de ordenador)
9 (RLIN) 148582
650 #4 - PUNTO DE ACCESO ADICIONAL DE MATERIA--TÉRMINO DE MATERIA
Término de materia o nombre geográfico como elemento de entrada Páginas Web-
Subdivisión general Diseño.
9 (RLIN) 148583
650 #4 - PUNTO DE ACCESO ADICIONAL DE MATERIA--TÉRMINO DE MATERIA
Término de materia o nombre geográfico como elemento de entrada Gestión de la información.
9 (RLIN) 158422
852 ## - LOCALIZACIÓN
Ubicación ES-MaACL
Número de control de estantería A-11689
itemnumber 186307
Sublocalización o colección R.148300
Ubicación en estantería Depósito 1
Signatura antigua Olim: N-4694
Encuadernación Donación: Gregorio Gil García
Nota libre Dedicatoria autógrafa del autor
903 ## - NOMBRE PERSONAL DE DONANTE
9 138102
a Gil García, Gregorio
e Donante
942 ## - ELEMENTOS DE ENTRADA SECUNDARIOS (KOHA)
Fuente del sistema de clasificación o colocación Clasificación decimal universal
Tipo de ítem Koha Libro impreso
Holdings
Estatus retirado Estado de pérdida Fuente del sistema de clasificación o colocación Estado de daño No para préstamo Colección Biblioteca de origen Biblioteca actual Ubicación en estantería Fecha de adquisición Fuente de adquisición Total de préstamos Signatura topográfica completa Código de barras Visto por última vez Precio de reemplazo Tipo de ítem Koha Nota pública
    Clasificación decimal universal     Libros con dedicatorias Biblioteca del Ateneo de Madrid Biblioteca del Ateneo de Madrid Depósito 1 22/11/2011 Donación   A-11689 1188485 23/02/2023 23/02/2023 Libro impreso Dedicatoria autógrafa del autor